| 000 | 00971nam a2200205Ia 4500 | ||
|---|---|---|---|
| 001 | IA_2547,07/04/2015,07/04/2015,5232272015 MX NMBL8223223122SPA16," | ||
| 002 | U. de S. P. R. de R. L. en el municipio de Ocotlán | ||
| 008 | 220117sS. P xx 000 0 und d | ||
| 010 | _a185653 | ||
| 090 | _aTesis C78 2015 | ||
| 100 |
_aCruz Martínez _9159797 |
||
| 260 |
_aMéxico : _bEl autor, _cS. P |
||
| 300 | _avi | ||
| 500 | _aEl CD contiene reporte | ||
| 901 | _arecibirá un mayor precio por la leche al transformarlo en yogur y generar valor agregado a diferencia que se comercialice como leche fría. Con base a un análisis integral de la factibilidad | ||
| 902 | _arentabilidad y riesgo del proyecto se presenta un dictamen sobre la conveniencia y condiciones para realizar el proyecto de agregación de la línea de producción de yogur. | ||
| 904 | _aS. P | ||
| 942 | _c88 h. | ||
| 999 |
_c185653 _d185653 |
||